Ley General de Control Interno (Registro nro. 1700)
[ vista simple ]
| 000 -Cabecera | |
|---|---|
| Campo de control de longitud fija | 00902ata a2200277 4500 |
| 005 - Fecha y hora de la última transacción | |
| Campo de control | 20250919184912.0 |
| 008 - Elementos de longitud fija--Información general | |
| Campo de control de longitud fija | 150713b2016 xxu||||| |||| 00| 0 spa d |
| 020 ## - International Standard Book Number | |
| Número Internacional Estándar del Libro (ISBN) | 9977133735 |
| 041 ## - Idioma | |
| Código de idioma | Español |
| 082 ## - Clasificación Decimal Dewey | |
| Número de clasificación | 351.007.6 C8374l9 |
| 100 ## - Entrada principal--Autor personal | |
| Nombre personal | Costa Rica. Leyes, decretos, etc.. |
| 245 ## - Título propiamente dicho | |
| Título | Ley General de Control Interno |
| 250 ## - Edición | |
| Mención de edición | 9 edición |
| 260 ## - Pie de imprenta | |
| Lugar de publicación, distribución, etc. | Costa Rica |
| 260 ## - Pie de imprenta | |
| Nombre del editor, distribuidor, etc. | IJSA |
| 260 ## - Pie de imprenta | |
| Fecha de publicación, distribución, etc. | 2016 |
| 300 ## - Descripción física | |
| Extensión | 584 páginas |
| 490 ## - Serie | |
| Título de la Serie | Temática General |
| 505 ## - Nota de contenido | |
| Nota de contenido | 1. Manual de normas Generales de Control Interno para la Contraloría de la República y las entidades y órganos sujetos a su fiscalización 2 Manual de Normas para el Ejercicio de la Auditoria Interna en el Sector Publico <br/> |
| 650 ## - Materia general | |
| Temática (materia general) | COSTA RICA |
| 650 ## - Materia general | |
| Temática (materia general) | CONTROL INTERNO |
| 650 ## - Materia general | |
| Temática (materia general) | ADMINISTRACIÓN PÚBLICA |
| 650 ## - Materia general | |
| Temática (materia general) | DERECHO ADMINISTRATIVO |
| 942 ## - Punto de acceso adicional KOHA | |
| Tipo de ítem KOHA | Libro |
| Fuente del sistema de clasificación o colocación | Dewey Decimal Classification |
| Signatura completa | Código de barras | Programa Académico | Tipo de ítem |
|---|---|---|---|
| 351.007.6 C8374l9 | 21830 | Temática General | Libro |
| 351.007.6 C8374l9 | 21831 | Temática General | Libro |
| 351.007.6 C8374l9 | 21832 | Temática General | Libro |
| 351.007.6 C8374l9 | 21833 | Temática General | Libro |
| 351.007.6 C8374l9 | 21834 | Temática General | Libro |
| 351.007.6 C8374l9 | 21835 | Temática General | Libro |